[Event "Mittelfranken-chTB2b 1112"]
[Site "Germany"]
[Date "2011.09.25"]
[Round "1.7"]
[White "Boehm, Karl Heinz"]
[Black "Suess, Patrick"]
[Result "1/2-1/2"]
[WhiteElo "1764"]
[BlackElo "1510"]
[PlyCount "45"]
[EventDate "2011.09.25"]
[EventType "team-tourn"]
[EventRounds "9"]
[EventCountry "GER"]
[SourceTitle "EXT 2013"]
[Source "ChessBase"]
[SourceDate "2012.11.22"]
[SourceVersion "1"]
[SourceVersionDate "2012.11.22"]
[SourceQuality "1"]
[WhiteTeam "Kirchehrenbach/Ebermannstadt"]
[BlackTeam "Lauf II"]
[WhiteTeamCountry "GER"]
[BlackTeamCountry "GER"]

1. d4 d5 2. c4 e6 3. Nc3 Be7 4. Nf3 b6 5. e3 Nf6 6. Be2 Bb7 7. 0-0 0-0 8. a3 Nbd7 9. b4 c5 10. bxc5 bxc5 11. Rb1 Nb6 12. cxd5 Nfxd5 13. Nxd5 Bxd5 14. dxc5 Bxc5 15. Bb2 Qe7 16. a4 Rfd8 17. Bd4 Bxd4 18. exd4 Bc4 19. Bxc4 Nxc4 20. Qb3 Na5 21. Qb5 Rd5 22. Qa6 Qd6 23. Qxd6 1/2-1/2

[Event "Landesliga U20 Nord 1011"]
[Site "Bayern"]
[Date "2011.04.02"]
[Round "7.3"]
[White "Uhlmann, Andreas"]
[Black "Suess, Patrick"]
[Result "0-1"]
[WhiteElo "1416"]
[BlackElo "1510"]
[PlyCount "72"]
[EventDate "2010.10.16"]
[EventType "team-tourn"]
[EventRounds "7"]
[EventCountry "GER"]
[SourceTitle "EXT 2022"]
[Source "ChessBase"]
[SourceDate "2021.10.06"]
[SourceVersion "1"]
[SourceVersionDate "2021.10.06"]
[SourceQuality "1"]
[WhiteTeam "Bechhofen U20"]
[BlackTeam "Lauf SV U20"]
[WhiteTeamCountry "GER"]
[BlackTeamCountry "GER"]

1. e4 e5 2. Nf3 Nc6 3. Bb5 Nf6 4. Nc3 Bc5 5. Nxe5 Bxf2+ 6. Kxf2 Nxe5 7. d4 Neg4+ 8. Ke1 c6 9. Be2 d6 10. Bg5 h6 11. Bf4 Nh5 12. Bxg4 Nxf4 13. g3 Ng6 14. Rf1 0-0 15. h4 Re8 16. Bxc8 Rxc8 17. Qd3 d5 18. e5 Nf8 19. Kd2 Ne6 20. Rae1 Qb6 21. Kc1 Qxd4 22. Qxd4 Nxd4 23. g4 Ne6 24. Nd1 Re7 25. Nf2 Nf4 26. Nd3 Ng2 27. Re2 Nxh4 28. Rg1 Rce8 29. Rg3 Re6 30. g5 Rg6 31. Ree3 Rxg5 32. Rxg5 hxg5 33. Rg3 f6 34. exf6 gxf6 35. Kd2 Kg7 36. Rg2 Nxg2 0-1

[Event "Nuremberg Zabo op 07th"]
[Site "Nuremberg"]
[Date "2005.09.25"]
[Round "5"]
[White "Linkies, Michael"]
[Black "Suess, Patrick"]
[Result "1/2-1/2"]
[WhiteElo "1661"]
[BlackElo "1459"]
[PlyCount "70"]
[EventDate "2005.09.23"]
[EventType "swiss"]
[EventRounds "5"]
[EventCountry "GER"]
[SourceTitle "EXT 2012"]
[Source "ChessBase"]
[SourceDate "2011.11.24"]
[SourceVersion "1"]
[SourceVersionDate "2011.11.24"]
[SourceQuality "1"]

1. c4 e5 2. Nc3 Nf6 3. g3 d6 4. Bg2 Be7 5. Nf3 0-0 6. 0-0 Nc6 7. d4 exd4 8. Nxd4 Nxd4 9. Qxd4 c6 10. b3 Qb6 11. Qd3 Be6 12. Be3 Qc7 13. Rfd1 Rfd8 14. Rac1 Qd7 15. Bf4 b6 16. Qf3 Rac8 17. Rd2 Qe8 18. Rcd1 Qf8 19. h3 g6 20. Qe3 Nh5 21. Bh6 Ng7 22. Qd4 f5 23. Bxg7 Qxg7 24. Qxg7+ Kxg7 25. e3 Kf7 26. Ne2 c5 27. Nc3 Bd7 28. Nd5 Bc6 29. Nxe7 Kxe7 30. Bxc6 Rxc6 31. f4 Rc7 32. Kf2 Ke6 33. Kf3 a6 34. e4 fxe4+ 35. Kxe4 Rb7 1/2-1/2

[Event "Nuremberg Zabo op 07th"]
[Site "Nuremberg"]
[Date "2005.09.24"]
[Round "3"]
[White "Schmidt, Klaus"]
[Black "Suess, Patrick"]
[Result "1/2-1/2"]
[WhiteElo "1554"]
[BlackElo "1459"]
[PlyCount "36"]
[EventDate "2005.09.23"]
[EventType "swiss"]
[EventRounds "5"]
[EventCountry "GER"]
[SourceTitle "EXT 2012"]
[Source "ChessBase"]
[SourceDate "2011.11.24"]
[SourceVersion "1"]
[SourceVersionDate "2011.11.24"]
[SourceQuality "1"]

1. d4 d5 2. Nf3 Nc6 3. Bf4 Nf6 4. Nbd2 Bf5 5. c3 e6 6. e3 a6 7. h3 Bd6 8. Bxd6 Qxd6 9. a3 0-0 10. c4 Rfe8 11. c5 Qd7 12. Nh4 e5 13. dxe5 Nxe5 14. Ndf3 Nxf3+ 15. Nxf3 Rad8 16. Be2 Ne4 17. Rc1 c6 18. Nd4 Nf6 1/2-1/2

[Event "Nuremberg Zabo op 07th"]
[Site "Nuremberg"]
[Date "2005.09.23"]
[Round "1"]
[White "Lutzky, Manfred"]
[Black "Suess, Patrick"]
[Result "1-0"]
[WhiteElo "1844"]
[BlackElo "1459"]
[PlyCount "83"]
[EventDate "2005.09.23"]
[EventType "swiss"]
[EventRounds "5"]
[EventCountry "GER"]
[SourceTitle "EXT 2012"]
[Source "ChessBase"]
[SourceDate "2011.11.24"]
[SourceVersion "1"]
[SourceVersionDate "2011.11.24"]
[SourceQuality "1"]

1. e4 e5 2. Nf3 Nc6 3. Bc4 Nf6 4. Ng5 d5 5. exd5 Na5 6. Bb5+ Bd7 7. Qe2 Ng4 8. d4 Bxb5 9. Qxb5+ c6 10. Qe2 f6 11. Ne6 Qd7 12. Qxg4 cxd5 13. Qh3 b6 14. dxe5 fxe5 15. Qh5+ Ke7 16. Ng5 Qf5 17. 0-0 h6 18. Qf3 Qg6 19. Nh3 e4 20. Re1 Kd7 21. Qe2 Bc5 22. Nc3 Bb4 23. Qb5+ Qc6 24. Qxb4 Rhe8 25. Be3 Nc4 26. Rad1 Nxe3 27. fxe3 Re5 28. Nf4 a5 29. Qb5 Qxb5 30. Nxb5 Kc6 31. Nc3 Rd8 32. Rd4 g5 33. Nfxd5 Rd6 34. Red1 Rde6 35. a4 g4 36. Nb5 h5 37. Nf4 Re8 38. b3 Rg8 39. Rd6+ Kb7 40. Rd7+ Kc8 41. Ra7 Reg5 42. Rdd7 1-0

[Event "Nuremberg-ch op 05th"]
[Site "Nuremberg"]
[Date "2005.05.07"]
[Round "2"]
[White "Suess, Patrick"]
[Black "Maier, Heinz"]
[Result "1/2-1/2"]
[WhiteElo "1301"]
[BlackElo "1576"]
[PlyCount "57"]
[EventDate "2005.05.06"]
[EventType "swiss"]
[EventRounds "5"]
[EventCountry "GER"]
[SourceTitle "EXT 2007"]
[Source "ChessBase"]
[SourceDate "2006.11.23"]
[SourceVersion "1"]
[SourceVersionDate "2006.11.23"]
[SourceQuality "1"]

1. e4 d5 2. exd5 Nf6 3. Nf3 Nxd5 4. d4 g6 5. Bc4 Bg7 6. 0-0 0-0 7. Re1 e6 8. Bxd5 exd5 9. Bf4 Nc6 10. Nc3 a6 11. Qd2 Bf5 12. Ne2 Qd7 13. Ng3 Bg4 14. Ne5 Nxe5 15. dxe5 Rfe8 16. h3 Be6 17. Rad1 Qa4 18. a3 Bf8 19. Bg5 c5 20. Ne2 d4 21. Nf4 Bf5 22. Nd5 Qxc2 23. Nf6+ Kh8 24. Nxe8 Rxe8 25. Bf6+ Kg8 26. Qxc2 Bxc2 27. Rc1 d3 28. Bg5 Bg7 29. Bd2 1/2-1/2